Zahraničný platobný styk

Služby, ktoré poskytuje Slovenská sporiteľňa, a.s., v oblasti zahraničného platobného styku. Realizácia platieb prostredníctvom swiftu. Hladké a dokumentárne platby.

Salvato in:
Dettagli Bibliografici
Natura: Capitolo di libro
Lingua:slovacco
Soggetti:
Tags: Aggiungi Tag
Nessun Tag, puoi essere il primo ad aggiungerne!!

MARC

LEADER 00000naa a2200000 4500
001 r028124
005 20230925122145.9
041 0 |a slo 
044 |a SK 
245 1 0 |a Zahraničný platobný styk 
520 |a Služby, ktoré poskytuje Slovenská sporiteľňa, a.s., v oblasti zahraničného platobného styku. Realizácia platieb prostredníctvom swiftu. Hladké a dokumentárne platby. 
610 2 0 |a Slovenská sporiteľňa, a.s. Bratislava 
610 2 0 |a styk platobný medzinárodný 
610 2 0 |a služby bankové 
610 2 0 |a SWIFT 
610 2 0 |a akreditívy 
610 2 0 |a inkaso dokumentárne